000 00668 a2200205 4500
010 _aENG-88739
020 _c425.00
_a8120331938
035 _aEN-72272
037 _bDBAD / PUB
082 1 4 _a624.18341
090 _c9279
_d9279
100 1 _aGambhir, M. L.
245 1 _aDesign of reinforced concrete structures/
_c by M. L. Gambhir
260 _aNew Delhi
_bPrentice-Hall of India
_c2008
270 _aM-97, Connaught Circus
_bNew Delhi
_e110 001
300 _axv, 723 p.
_c24 cm. (Pbk)
500 _aIncludes index
942 _adpl
_cEN
_k624.18341 / GAM
999 _c9112
_d9112